000 00645nam a2200205 a 4500
005 20140412111350.0
008 050426s19uu xx 00 eng d
020 _a0-02-660951-7
050 _aTR(GS 372.4
_bB93 2000
100 _aBurns, Dennis
245 _aClare's secret :
_bdecodable book /
_cby Dennis Burns ; illustrated by Kersti Frigell.
260 _aColumbus, Ohio :
_bSRA/McGraw-Hill,
_c2000.
300 _a16 p. ; ill.
440 _aSRA Open Court Reading
500 _aLevel C, Set 1, Book 20
650 _aReading
_xPhonetics
_xJuvenile literature
650 _aRace
_xFiction
650 _aChildren stories
999 _c105313
_d105313